[Event "PWC Toronto op"]
[Site "Toronto CAN"]
[Date "2009.04.19"]
[Round "5"]
[White "Barrios, Felix"]
[Black "Humphreys, Michael"]
[Result "1-0"]
[WhiteElo "2244"]
[BlackElo "1999"]
[PlyCount "75"]
[GameId "2160767910157208"]
[EventDate "2009.04.17"]
[EventType "swiss"]
[EventRounds "5"]
[EventCountry "CAN"]
[SourceTitle "The Week in Chess 754"]
[Source "Mark Crowther"]
[SourceDate "2009.04.20"]
[SourceVersion "1"]
[SourceVersionDate "2009.04.20"]
[SourceQuality "2"]

1. d4 Nf6 2. c4 g6 3. Nc3 d5 4. cxd5 Nxd5 5. Bd2 Bg7 6. e4 Nb6 7. Be3 O-O 8. Bb5 Qd6 9. Nge2 Nc6 10. Bxc6 Qxc6 11. Rc1 Nc4 12. Nd5 Nxe3 13. fxe3 Qd6 14. Nxc7 Rb8 15. O-O Bg4 16. h3 Bd7 17. e5 Qb6 18. Nd5 Qxb2 19. Nxe7+ Kh8 20. Nc3 Bh6 21. Qf3 Rbe8 22. Qf6+ Bg7 23. Qh4 Qd2 24. Ned5 Bc6 25. Rcd1 Qb2 26. Rf2 Qa3 27. Rdf1 Rd8 28. e4 Bxd5 29. Nxd5 Qd3 30. Nf6 h6 31. d5 Qd4 32. Qf4 b5 33. Kh1 g5 34. Qf5 Bxf6 35. Qxf6+ Kh7 36. Qe7 Rde8 37. Rxf7+ Kg6 38. Qf6+ 1-0

[Event "PWC Toronto op"]
[Site "Toronto CAN"]
[Date "2009.04.19"]
[Round "5"]
[White "Cheng, Bindi"]
[Black "Martchenko, Alexander"]
[Result "0-1"]
[WhiteElo "2361"]
[BlackElo "2039"]
[PlyCount "54"]
[GameId "2160767910157210"]
[EventDate "2009.04.17"]
[EventType "swiss"]
[EventRounds "5"]
[EventCountry "CAN"]
[SourceTitle "The Week in Chess 754"]
[Source "Mark Crowther"]
[SourceDate "2009.04.20"]
[SourceVersion "1"]
[SourceVersionDate "2009.04.20"]
[SourceQuality "2"]

1. d4 d5 2. Nf3 c6 3. c4 e6 4. Nc3 dxc4 5. g3 Nf6 6. Bg2 b5 7. O-O Bb7 8. Ne5 a6 9. a4 Qb6 10. e4 Be7 11. Be3 O-O 12. g4 Rd8 13. Qf3 Rf8 14. Rad1 Nfd7 15. Qg3 Nxe5 16. dxe5 Bc5 17. Bxc5 Qxc5 18. Kh1 b4 19. Ne2 Bc8 20. f4 Nd7 21. g5 Re8 22. Qh4 Nf8 23. Rf3 Rb8 24. Rc1 a5 25. Ng3 c3 26. Nh5 Ng6 27. Qg4 Ba6 0-1

[Event "PWC Toronto op"]
[Site "Toronto CAN"]
[Date "2009.04.19"]
[Round "5"]
[White "Egorov, Mikhail"]
[Black "MacKinnon, Keith"]
[Result "1/2-1/2"]
[WhiteElo "2046"]
[BlackElo "2145"]
[PlyCount "94"]
[GameId "2160767910157212"]
[EventDate "2009.04.17"]
[EventType "swiss"]
[EventRounds "5"]
[EventCountry "CAN"]
[SourceTitle "CBM 129 Extra"]
[Source "ChessBase"]
[SourceDate "2009.05.05"]
[SourceVersion "2"]
[SourceVersionDate "2009.05.20"]
[SourceQuality "1"]

1. e4 d5 2. exd5 Qxd5 3. Nc3 Qd6 4. d4 Nf6 5. Nf3 c6 6. g3 Bg4 7. Bg2 Nbd7 8. O-O e6 9. a3 Qc7 10. Bf4 Bd6 11. Bxd6 Qxd6 12. Qd3 Rd8 13. Rad1 O-O 14. Ne4 Qe7 15. Nxf6+ Nxf6 16. h3 Bh5 17. Qe3 h6 18. c4 Qc7 19. Rd2 Bg6 20. Ne5 Bh7 21. Rfd1 Rc8 22. Bf3 Rfd8 23. Kg2 Kf8 24. h4 Ng8 25. Bh5 g6 26. Bf3 Kg7 27. g4 Ne7 28. Re1 Bg8 29. Red1 f6 30. Nd3 g5 31. hxg5 hxg5 32. Nc5 Ng6 33. Ne4 e5 34. Ng3 Nh4+ 35. Kg1 exd4 36. Rxd4 Rxd4 37. Rxd4 Re8 38. Re4 Re5 39. Be2 Bh7 40. Rxe5 Qxe5 41. Qxe5 fxe5 42. f3 Kf6 43. Kf2 Ke6 44. Bf1 Bc2 45. Ke3 Bg6 46. Kf2 Bc2 47. Ke3 Bg6 1/2-1/2

[Event "PWC Toronto op"]
[Site "Toronto CAN"]
[Date "2009.04.19"]
[Round "5"]
[White "Lavin, David"]
[Black "Henry, Liam"]
[Result "1/2-1/2"]
[WhiteElo "2224"]
[BlackElo "2186"]
[PlyCount "23"]
[GameId "2160767910157217"]
[EventDate "2009.04.17"]
[EventType "swiss"]
[EventRounds "5"]
[EventCountry "CAN"]
[SourceTitle "The Week in Chess 754"]
[Source "Mark Crowther"]
[SourceDate "2009.04.20"]
[SourceVersion "1"]
[SourceVersionDate "2009.04.20"]
[SourceQuality "2"]

1. d4 Nf6 2. c4 g6 3. Nc3 d5 4. Nf3 Bg7 5. cxd5 Nxd5 6. e3 O-O 7. Bc4 Nb6 8. Bb3 Nc6 9. O-O e5 10. Nxe5 Nxe5 11. dxe5 Bxe5 12. e4 1/2-1/2

[Event "PWC Toronto op"]
[Site "Toronto CAN"]
[Date "2009.04.19"]
[Round "5"]
[White "Milicevic, Goran"]
[Black "Peng, David Yu"]
[Result "1-0"]
[WhiteElo "2280"]
[BlackElo "2245"]
[PlyCount "97"]
[GameId "2160767910157219"]
[EventDate "2009.04.17"]
[EventType "swiss"]
[EventRounds "5"]
[EventCountry "CAN"]
[SourceTitle "CBM 129 Extra"]
[Source "ChessBase"]
[SourceDate "2009.05.05"]
[SourceVersion "2"]
[SourceVersionDate "2009.05.20"]
[SourceQuality "1"]

1. e4 c5 2. Nf3 e6 3. c3 Nf6 4. e5 Nd5 5. Bc4 Nb6 6. Be2 d6 7. O-O Nc6 8. d4 dxe5 9. Nxe5 Nxe5 10. dxe5 Qxd1 11. Rxd1 Bd7 12. Bf3 O-O-O 13. Bg5 Re8 14. Nd2 h6 15. Bf4 Nd5 16. Bg3 Bc6 17. Ne4 Rd8 18. a3 Be7 19. c4 Nb6 20. b3 a5 21. Rdc1 Rd4 22. Nd6+ Bxd6 23. Bxc6 Bc7 24. Bb5 Rhd8 25. f4 Kb8 26. Rab1 Nc8 27. Rf1 g6 28. Be1 Bb6 29. g3 Rd3 30. Bf2 Rd2 31. Be3 Re2 32. Rfe1 Rxe1+ 33. Rxe1 Rd3 34. Be8 Rxb3 35. Bxf7 Rxa3 36. Bxe6 a4 37. Kf2 Rb3 38. g4 Ne7 39. f5 gxf5 40. gxf5 a3 41. f6 Ng6 42. f7 Rb2+ 43. Kg3 Bc7 44. Bf4 Bd8 45. Bf5 Rb3+ 46. Kf2 Bh4+ 47. Bg3 Rb2+ 48. Kg1 Bxg3 49. hxg3 1-0

[Event "PWC Toronto op"]
[Site "Toronto CAN"]
[Date "2009.04.19"]
[Round "5"]
[White "Perelshteyn, Eugene"]
[Black "Plotkin, Victor"]
[Result "1-0"]
[WhiteElo "2543"]
[BlackElo "2215"]
[PlyCount "71"]
[GameId "2160767910157221"]
[EventDate "2009.04.17"]
[EventType "swiss"]
[EventRounds "5"]
[EventCountry "CAN"]
[SourceTitle "The Week in Chess 754"]
[Source "Mark Crowther"]
[SourceDate "2009.04.20"]
[SourceVersion "1"]
[SourceVersionDate "2009.04.20"]
[SourceQuality "2"]

1. d4 d5 2. c4 e6 3. Nc3 Nf6 4. cxd5 exd5 5. Bg5 c6 6. e3 Be7 7. Bd3 Nbd7 8. Nge2 Ne4 9. Bxe7 Qxe7 10. Ng3 Ndf6 11. Qc2 Nxg3 12. hxg3 h6 13. O-O-O Be6 14. Kb1 O-O-O 15. Ka1 Kb8 16. Na4 Nd7 17. Rc1 Rc8 18. Qb3 Ka8 19. Rc3 Qf6 20. Qc2 Rc7 21. Rc1 Rhc8 22. b4 Bg4 23. Qb2 Qd6 24. Nc5 Nb8 25. Ra3 b6 26. Na4 Nd7 27. Rac3 Nf6 28. f3 Bd7 29. g4 Re8 30. Bf1 Bc8 31. b5 Bb7 32. bxc6 Rxc6 33. Rxc6 Bxc6 34. Nxb6+ axb6 35. Qxb6 Rc8 36. Bb5 1-0

[Event "PWC Toronto op"]
[Site "Toronto CAN"]
[Date "2009.04.19"]
[Round "5"]
[White "Sapozhnikov, Roman"]
[Black "Zhou, Haonan"]
[Result "0-1"]
[WhiteElo "2153"]
[BlackElo "2131"]
[PlyCount "102"]
[GameId "2160767910157225"]
[EventDate "2009.04.17"]
[EventType "swiss"]
[EventRounds "5"]
[EventCountry "CAN"]
[SourceTitle "The Week in Chess 754"]
[Source "Mark Crowther"]
[SourceDate "2009.04.20"]
[SourceVersion "1"]
[SourceVersionDate "2009.04.20"]
[SourceQuality "2"]

1. e4 e6 2. d4 d5 3. e5 c5 4. c3 Nc6 5. Nf3 Qb6 6. a3 c4 7. Nbd2 Bd7 8. b3 cxb3 9. Nxb3 Na5 10. Nxa5 Qxa5 11. Bd2 Ba4 12. Qc1 Qc7 13. Bd3 Ne7 14. O-O h6 15. Rb1 Bc6 16. Ne1 Nc8 17. f4 Nb6 18. f5 O-O-O 19. Nc2 Nc4 20. Ne3 Kb8 21. fxe6 fxe6 22. Nxc4 dxc4 23. Bg6 Bd5 24. Rf2 Be7 25. Rf7 Rdf8 26. Qc2 Rxf7 27. Bxf7 Bg5 28. Bxg5 Qxf7 29. Rf1 Qe8 30. Bc1 Rf8 31. Qe2 Rf7 32. a4 Qf8 33. Re1 h5 34. Qa2 Qg8 35. Qc2 g5 36. Qd2 Rf5 37. Ba3 Qf7 38. Bd6+ Ka8 39. Qe2 g4 40. Qe3 Rf4 41. Qd2 h4 42. g3 hxg3 43. hxg3 Rf3 44. Qh2 b6 45. a5 Kb7 46. axb6 axb6 47. Rc1 Kc6 48. Ra1 Qf5 49. Qg2 Qd3 50. Kh2 Rf2 51. Qxf2 Qh7+ 0-1

[Event "Paul Keres mem (34th)"]
[Site "New Westminster CAN"]
[Date "2009.05.15"]
[Round "1"]
[White "Angelvette, Duane"]
[Black "Cheng, Bindi"]
[Result "0-1"]
[WhiteElo "1578"]
[BlackElo "2374"]
[PlyCount "52"]
[GameId "2160767739448186"]
[EventDate "2009.05.15"]
[EventType "swiss"]
[EventRounds "7"]
[EventCountry "CAN"]
[SourceTitle "EXT 2011"]
[Source "ChessBase"]
[SourceDate "2011.11.26"]
[SourceVersion "1"]
[SourceVersionDate "2011.11.26"]
[SourceQuality "1"]

1. e4 c5 2. Nf3 d6 3. d4 cxd4 4. Nxd4 Nf6 5. Nc3 a6 6. Be3 e6 7. f3 b5 8. g4 h6 9. Qd2 Nbd7 10. O-O-O Bb7 11. g5 hxg5 12. Bxg5 b4 13. Nce2 Be7 14. Qxb4 Rb8 15. Qd2 Bxe4 16. Bxf6 Bxf6 17. fxe4 Bg5 18. Nc6 Bxd2+ 19. Rxd2 Qg5 20. Nxb8 Nxb8 21. Nd4 Qa5 22. Bc4 Rh4 23. Re1 Rxh2 24. Nb3 Qg5 25. Be2 Kf8 26. Nd4 Qe3 {..} 0-1

[Event "Paul Keres mem (34th)"]
[Site "New Westminster CAN"]
[Date "2009.05.15"]
[Round "1"]
[White "Kostin, Andrey"]
[Black "Piasetski, Leon"]
[Result "1/2-1/2"]
[WhiteElo "2063"]
[BlackElo "2424"]
[PlyCount "56"]
[GameId "2160767910156680"]
[EventDate "2009.05.15"]
[EventType "swiss"]
[EventRounds "7"]
[EventCountry "CAN"]
[SourceTitle "EXT 2011"]
[Source "ChessBase"]
[SourceDate "2011.11.26"]
[SourceVersion "1"]
[SourceVersionDate "2011.11.26"]
[SourceQuality "1"]

1. e4 c5 2. Nf3 e6 3. d4 cxd4 4. Nxd4 a6 5. Nc3 Qc7 6. g3 Bb4 7. Qd3 Nf6 8. Bg2 Nc6 9. Nxc6 bxc6 10. O-O a5 11. Rd1 Ba6 12. Qd4 e5 13. Qe3 O-O 14. a3 Be7 15. h3 Rad8 16. Qe1 Bb7 17. Bg5 h6 18. Bxf6 Bxf6 19. h4 Qb6 20. Na4 Qa7 21. c4 Be7 22. b4 Ba6 23. c5 Bc4 24. Qc3 Be6 25. Nb6 f5 26. Bh3 fxe4 27. Bxe6+ dxe6 28. Rxd8 Bxd8 1/2-1/2

[Event "Paul Keres mem (34th)"]
[Site "New Westminster CAN"]
[Date "2009.05.15"]
[Round "1"]
[White "Lister, Curtis"]
[Black "Gansvind, Valeriya"]
[Result "0-1"]
[WhiteElo "2006"]
[BlackElo "2351"]
[PlyCount "58"]
[GameId "2160767910156681"]
[EventDate "2009.05.15"]
[EventType "swiss"]
[EventRounds "7"]
[EventCountry "CAN"]
[SourceTitle "EXT 2011"]
[Source "ChessBase"]
[SourceDate "2011.11.26"]
[SourceVersion "1"]
[SourceVersionDate "2011.11.26"]
[SourceQuality "1"]

1. e4 c5 2. Nf3 e6 3. Nc3 a6 4. g3 b5 5. Bg2 Bb7 6. O-O b4 7. Ne2 Bxe4 8. d4 Nf6 9. Be3 Qc8 10. Rc1 Qb7 11. Nf4 c4 12. Re1 h6 13. Ne5 Bxg2 14. Nxg2 d5 15. c3 Nbd7 16. f3 Bd6 17. Bd2 O-O 18. b3 bxc3 19. Nxd7 Nxd7 20. Rxc3 Qb6 21. Qc1 Qxd4+ 22. Be3 Qf6 23. bxc4 Bb4 24. Bd2 Bxc3 25. Bxc3 d4 26. Ba1 Rac8 27. Re4 e5 28. f4 Qc6 29. Re1 Nc5 0-1

[Event "Paul Keres mem (34th)"]
[Site "New Westminster CAN"]
[Date "2009.05.15"]
[Round "1"]
[White "Orlov, Georgi"]
[Black "Burke, Paul1"]
[Result "1-0"]
[WhiteElo "2558"]
[BlackElo "2066"]
[PlyCount "53"]
[GameId "2160767910156682"]
[EventDate "2009.05.15"]
[EventType "swiss"]
[EventRounds "7"]
[EventCountry "CAN"]
[SourceTitle "EXT 2011"]
[Source "ChessBase"]
[SourceDate "2011.11.26"]
[SourceVersion "1"]
[SourceVersionDate "2011.11.26"]
[SourceQuality "1"]

1. Nf3 Nf6 2. c4 e6 3. g3 d5 4. Bg2 Be7 5. O-O O-O 6. d4 c6 7. Qc2 Nbd7 8. Bf4 Ne4 9. Nc3 Nxc3 10. Qxc3 Nf6 11. Ne5 Ne4 12. Qc2 f6 13. Nd3 g5 14. Bc1 Nd6 15. b3 Nf7 16. Bb2 f5 17. f3 Bf6 18. Rad1 Bg7 19. Kh1 Bd7 20. e4 Rc8 21. exf5 exf5 22. f4 g4 23. Qf2 dxc4 24. bxc4 Qa5 25. Nc5 Rc7 26. Qc2 Bc8 27. Bc3 1-0

[Event "Paul Keres mem (34th)"]
[Site "New Westminster CAN"]
[Date "2009.05.15"]
[Round "1.3"]
[White "Yoos, John"]
[Black "Salcedo, Daniel"]
[Result "1-0"]
[WhiteElo "2403"]
[BlackElo "2060"]
[PlyCount "89"]
[GameId "2160767739448191"]
[EventDate "2009.05.15"]
[EventType "swiss"]
[EventRounds "7"]
[EventCountry "CAN"]

1. e4 d6 2. d4 Nf6 3. Nc3 g6 4. Be3 c6 5. h3 Nbd7 6. f4 Qc7 7. Qf3 e6 8. Bd3 b5 9. g4 b4 10. Nce2 c5 11. Ng3 c4 12. Bf1 Bb7 13. g5 Ng8 14. Qe2 d5 15. Nf3 Ne7 16. Ne5 Nxe5 17. fxe5 dxe4 18. Qxc4 Qxc4 19. Bxc4 Nf5 20. Kf2 O-O-O 21. c3 Kb8 22. Rhc1 bxc3 23. bxc3 Be7 24. Rab1 Kc7 25. Rxb7+ Kxb7 26. Nxe4 Nxe3 27. Kxe3 Kc7 28. Rf1 Rdf8 29. Rf3 h6 30. gxh6 Rxh6 31. Bf1 Rh7 32. c4 Kc6 33. Bg2 Rb8 34. Rf2 Kd7 35. d5 exd5 36. cxd5 Rb5 37. Kd4 Bd8 38. Kc4 Rb1 39. Bf3 Rc1+ 40. Kb5 Ke8 41. Be2 f5 42. exf6 Rb7+ 43. Ka4 Kf8 44. Bd3 Rb6 45. d6 {Time.} 1-0

[Event "Paul Keres mem (34th)"]
[Site "New Westminster CAN"]
[Date "2009.05.15"]
[Round "1.7"]
[White "Cadman, Charles"]
[Black "Trochtchanovitch, Pavel"]
[Result "1-0"]
[WhiteElo "2332"]
[BlackElo "2003"]
[PlyCount "75"]
[GameId "2160767910156684"]
[EventDate "2009.05.15"]
[EventType "swiss"]
[EventRounds "7"]
[EventCountry "CAN"]

1. e4 e5 2. Nf3 Nc6 3. Bb5 a6 4. Ba4 Nf6 5. O-O Be7 6. Re1 b5 7. Bb3 O-O 8. h3 d6 9. c3 Na5 10. Bc2 c5 11. d4 Qc7 12. Nbd2 cxd4 13. cxd4 Nc6 14. d5 Nb4 15. Bb1 a5 16. Nf1 Bd7 17. Bd2 Na6 18. g4 h5 19. N3h2 Nh7 20. Kg2 hxg4 21. hxg4 Bg5 22. Ne3 Bf4 23. Nf5 Bxf5 24. exf5 Bxd2 25. Qxd2 Nc5 26. Nf3 f6 27. Rh1 e4 28. Nd4 Ng5 29. Ne6 Ncxe6 30. fxe6 Rfc8 31. Qf4 Nxe6 32. dxe6 d5 33. Qf5 Kf8 34. Qxd5 e3 35. e7+ Kxe7 36. Bf5 Qc6 37. Qxc6 Rxc6 38. Be4 1-0

[Event "Paul Keres mem (34th)"]
[Site "New Westminster CAN"]
[Date "2009.05.15"]
[Round "1.10"]
[White "Leblanc, Paul"]
[Black "Jiganchine, Roman"]
[Result "0-1"]
[WhiteElo "1906"]
[BlackElo "2240"]
[PlyCount "42"]
[GameId "2160767910156685"]
[EventDate "2009.05.15"]
[EventType "swiss"]
[EventRounds "7"]
[EventCountry "CAN"]

1. d4 d5 2. g3 Nf6 3. Bg2 c6 4. Nf3 Bf5 5. O-O e6 6. c4 Be7 7. Nc3 O-O 8. Re1 h6 9. Nd2 Nbd7 10. e4 dxe4 11. Ndxe4 Nxe4 12. Nxe4 Qb6 13. Bf4 Rfd8 14. Bd6 Bxd6 15. Nxd6 Nf6 16. Qe2 Bg4 17. f3 Qxd4+ 18. Kh1 Bxf3 19. Rad1 Qxd1 20. Qxd1 Bxd1 21. Rxd1 Ne8 0-1

[Event "Paul Keres mem (34th)"]
[Site "New Westminster CAN"]
[Date "2009.05.15"]
[Round "1.12"]
[White "Escandor, Manuel Omana"]
[Black "Wu, Howard"]
[Result "0-1"]
[WhiteElo "1776"]
[BlackElo "2235"]
[PlyCount "60"]
[GameId "2160767910156686"]
[EventDate "2009.05.15"]
[EventType "swiss"]
[EventRounds "7"]
[EventCountry "CAN"]

1. e4 c6 2. Bc4 d5 3. Bb3 dxe4 4. Nc3 Nf6 5. h3 Nbd7 6. a3 Nc5 7. Ba2 Be6 8. b3 g6 9. Bb2 Bg7 10. Nge2 O-O 11. O-O a5 12. Rb1 Qd6 13. Ng3 Rfd8 14. Bc1 b5 15. Re1 b4 16. Ncxe4 Ncxe4 17. Nxe4 Nxe4 18. Rxe4 Bf5 19. Rc4 Bd4 20. Bb2 Bxb2 21. Rxb2 Be6 22. Re4 bxa3 23. Rb1 Qxd2 24. Qe2 Qxe2 25. Rxe2 a4 26. c4 axb3 27. Bxb3 Rdb8 28. Ree1 Bf5 29. Kh2 Bxb1 30. Rxb1 Rxb3 0-1

[Event "Paul Keres mem (34th)"]
[Site "New Westminster CAN"]
[Date "2009.05.16"]
[Round "2"]
[White "Gansvind, Valeriya"]
[Black "Gentes, Kevin"]
[Result "0-1"]
[WhiteElo "2351"]
[BlackElo "2240"]
[PlyCount "116"]
[GameId "2160767910156687"]
[EventDate "2009.05.15"]
[EventType "swiss"]
[EventRounds "7"]
[EventCountry "CAN"]
[SourceTitle "EXT 2011"]
[Source "ChessBase"]
[SourceDate "2011.11.26"]
[SourceVersion "1"]
[SourceVersionDate "2011.11.26"]
[SourceQuality "1"]

1. d4 Nf6 2. Bg5 Ne4 3. Bf4 d5 4. e3 e6 5. Nd2 Nxd2 6. Qxd2 b6 7. Nf3 Ba6 8. Bxa6 Nxa6 9. Ne5 f6 10. Nf3 Bd6 11. Qe2 Qc8 12. O-O O-O 13. Rac1 Qb7 14. c4 Bxf4 15. exf4 Rfe8 16. Rfe1 c6 17. cxd5 exd5 18. Qxe8+ Rxe8 19. Rxe8+ Kf7 20. Re3 Qd7 21. h3 c5 22. g4 c4 23. a3 Nc7 24. f5 Nb5 25. Re6 Nd6 26. Re2 Ne4 27. Ne1 Qd6 28. Ng2 b5 29. h4 Qc7 30. f3 Ng3 31. Re3 h5 32. Rce1 hxg4 33. fxg4 Ne4 34. Rf3 Qa5 35. Rd1 Qa4 36. Rc1 c3 37. bxc3 Qxa3 38. Re1 b4 39. Nf4 bxc3 40. Nxd5 Qb2 41. Nf4 c2 42. Ne2 Qb4 43. Ra1 Qd2 44. Rxa7+ Kg8 45. Ra8+ Kh7 46. g5 c1=Q+ 47. Nxc1 Qxc1+ 48. Rf1 Qe3+ 49. Kg2 Qg3+ 50. Kh1 Qxh4+ 51. Kg2 Qxg5+ 52. Kh2 Qg3+ 53. Kh1 Nf2+ 54. Rxf2 Qxf2 55. Rd8 Kh6 56. d5 Kg5 57. d6 Kg4 58. Rg8 Kh3 0-1

[Event "Paul Keres mem (34th)"]
[Site "New Westminster CAN"]
[Date "2009.05.16"]
[Round "2"]
[White "Wu, Howard"]
[Black "Yoos, John"]
[Result "0-1"]
[WhiteElo "2235"]
[BlackElo "2403"]
[PlyCount "52"]
[GameId "2160767910156688"]
[EventDate "2009.05.15"]
[EventType "swiss"]
[EventRounds "7"]
[EventCountry "CAN"]
[SourceTitle "EXT 2011"]
[Source "ChessBase"]
[SourceDate "2011.11.26"]
[SourceVersion "1"]
[SourceVersionDate "2011.11.26"]
[SourceQuality "1"]

1. e4 c5 2. Nf3 d6 3. Bb5+ Nd7 4. O-O a6 5. Bxd7+ Bxd7 6. c4 Nf6 7. Nc3 e6 8. d3 Be7 9. a4 O-O 10. a5 Bc6 11. Nd2 d5 12. e5 Nd7 13. f4 Qc7 14. Qe2 Rad8 15. Nf3 Nb8 16. Nd2 Qd7 17. cxd5 Bxd5 18. Nc4 Bc6 19. Rd1 Bb5 20. Be3 Nc6 21. Ne4 Nd4 22. Qf2 Nb3 23. Nb6 Qc6 24. Rab1 Bxd3 25. Nd6 Bxb1 26. Rxb1 Bxd6 0-1

[Event "Paul Keres mem (34th)"]
[Site "New Westminster CAN"]
[Date "2009.05.16"]
[Round "2.1"]
[White "Jiganchine, Roman"]
[Black "Orlov, Georgi"]
[Result "1-0"]
[WhiteElo "2240"]
[BlackElo "2558"]
[PlyCount "75"]
[GameId "2160767910156689"]
[EventDate "2009.05.15"]
[EventType "swiss"]
[EventRounds "7"]
[EventCountry "CAN"]

1. e4 d6 2. d4 Nf6 3. Nc3 g6 4. g3 Bg7 5. Bg2 O-O 6. Nge2 Nbd7 7. O-O e5 8. h3 a6 9. a4 Rb8 10. Re1 b5 11. axb5 axb5 12. Bg5 h6 13. Be3 b4 14. Nd5 Nxd5 15. exd5 f5 16. dxe5 dxe5 17. Ba7 Rb7 18. d6 c5 19. Bc6 Kh7 20. Qd5 Rb6 21. Red1 f4 22. Bxb6 Qxb6 23. g4 f3 24. Ng3 Nf6 25. Qxf3 Nxg4 26. hxg4 Rxf3 27. Bxf3 Bd7 28. Ne4 c4 29. g5 Qd8 30. Ra7 hxg5 31. Nc5 Bh3 32. d7 Qf8 33. Be4 Qxc5 34. Rb7 Bxd7 35. Rdxd7 Kh6 36. Rxg7 Kh5 37. Rh7+ Kg4 38. Rbf7 1-0

[Event "Paul Keres mem (34th)"]
[Site "New Westminster CAN"]
[Date "2009.05.16"]
[Round "2.3"]
[White "Cheng, Bindi"]
[Black "Pechisker, Alfred"]
[Result "1-0"]
[WhiteElo "2374"]
[BlackElo "2294"]
[PlyCount "89"]
[GameId "2160767910156690"]
[EventDate "2009.05.15"]
[EventType "swiss"]
[EventRounds "7"]
[EventCountry "CAN"]

1. d4 Nf6 2. Bg5 d5 3. e3 Bf5 4. c4 c6 5. Qb3 Qb6 6. Nc3 e6 7. c5 Qxb3 8. axb3 Nbd7 9. b4 Be7 10. h3 Ne4 11. Nxe4 Bxe4 12. Bf4 f6 13. Ne2 e5 14. Bh2 O-O 15. Nc3 Bg6 16. b5 Rfe8 17. Kd2 exd4 18. exd4 Bxc5 19. bxc6 bxc6 20. dxc5 Nxc5 21. Ra3 Rad8 22. b4 Ne4+ 23. Nxe4 Rxe4 24. Bd3 Rxb4 25. Bxg6 hxg6 26. Rc1 Rb2+ 27. Rc2 Rxc2+ 28. Kxc2 Rd7 29. Bb8 Kf7 30. Rxa7 Ke6 31. Kd3 c5 32. Ra6+ Kf7 33. Bg3 g5 34. Rc6 c4+ 35. Kd4 Ke7 36. Rc7 Rxc7 37. Bxc7 Ke6 38. g4 g6 39. Bd8 f5 40. Bxg5 fxg4 41. hxg4 Kd6 42. Bf4+ Ke6 43. Bc1 Kd6 44. Bd2 Ke6 45. Bf4 1-0

[Event "Paul Keres mem (34th)"]
[Site "New Westminster CAN"]
[Date "2009.05.16"]
[Round "2.5"]
[White "Milicevic, Dragoljub"]
[Black "Cadman, Charles"]
[Result "1/2-1/2"]
[WhiteElo "2166"]
[BlackElo "2332"]
[PlyCount "140"]
[GameId "2160767910156691"]
[EventDate "2009.05.15"]
[EventType "swiss"]
[EventRounds "7"]
[EventCountry "CAN"]

1. Nf3 Nf6 2. c4 g6 3. b3 Bg7 4. Bb2 O-O 5. g3 d6 6. d4 Nbd7 7. Bg2 c5 8. O-O Rb8 9. Na3 a6 10. dxc5 dxc5 11. Qc1 Qc7 12. Rd1 e5 13. Nc2 b5 14. Ne3 Bb7 15. cxb5 axb5 16. b4 c4 17. a4 Rfc8 18. Bh3 Bxf3 19. exf3 bxa4 20. Rxa4 Qc6 21. Qa1 Rb5 22. Nxc4 Rd5 23. Rc1 Qb5 24. Bf1 Qb8 25. Ne3 Rxc1 26. Bxc1 Nb6 27. Ra6 Rd8 28. Bb2 Nfd7 29. f4 Bf8 30. fxe5 Bxb4 31. Bg2 Nc5 32. Ra2 h5 33. h4 Ne6 34. Qc1 Bf8 35. Kh2 Rc8 36. Qd1 Bc5 37. Qf3 Qc7 38. Qe4 Qd7 39. Ba3 Kg7 40. Nd5 Nxd5 41. Qxd5 Qe7 42. Rc2 Rc7 43. Bxc5 Rxc5 44. Rxc5 Nxc5 45. Bh3 Ne6 46. Kg2 Qe8 47. Qb7 Kg8 48. Kh2 Ng7 49. Qd5 Kh7 50. Bg2 Qe7 51. Be4 Ne6 52. Kg2 Kg7 53. Qc4 Nc5 54. Bd5 Nd7 55. f4 Nb6 56. Qc6 Nxd5 57. Qxd5 Qc7 58. Qe4 Qc8 59. Qf3 Qc2+ 60. Kh3 Qf5+ 61. Kh2 Qc2+ 62. Qg2 Qc8 63. Qe4 Qe6 64. Qg2 Qc8 65. Qb2 Kh7 66. Qb3 Kg7 67. Qd3 Qe6 68. Qd6 Qxd6 69. exd6 Kf6 70. g4 Ke6 1/2-1/2

[Event "Paul Keres mem (34th)"]
[Site "New Westminster CAN"]
[Date "2009.05.16"]
[Round "3"]
[White "Daswani, Benedict"]
[Black "Gansvind, Valeriya"]
[Result "0-1"]
[WhiteElo "2092"]
[BlackElo "2351"]
[PlyCount "79"]
[GameId "2160767910156692"]
[EventDate "2009.05.15"]
[EventType "swiss"]
[EventRounds "7"]
[EventCountry "CAN"]
[SourceTitle "EXT 2011"]
[Source "ChessBase"]
[SourceDate "2011.11.26"]
[SourceVersion "1"]
[SourceVersionDate "2011.11.26"]
[SourceQuality "1"]

1. g3 g6 2. d3 Bg7 3. Bg2 d6 4. Nc3 c6 5. e4 b5 6. Nf3 a6 7. O-O Bb7 8. Ne2 c5 9. Nh4 Qb6 10. c3 Nf6 11. f4 c4+ 12. Kh1 Nbd7 13. b4 Rc8 14. Qc2 cxd3 15. Qxd3 Rc4 16. Be3 Qc7 17. a4 O-O 18. axb5 axb5 19. Ra7 Qc8 20. Nd4 Rxc3 21. Qxb5 Bxe4 22. Bxe4 Nxe4 23. Bg1 Rc7 24. Rxc7 Qxc7 25. f5 Ne5 26. fxg6 hxg6 27. Qe2 Nc3 28. Qf2 Qb7+ 29. Ndf3 Bf6 30. Qg2 Nxf3 31. Nxf3 Qxb4 32. Be3 Qe4 33. Bh6 Ra8 34. g4 Ra2 35. Qh3 Be5 36. Kg1 Ne2+ 37. Kh1 Nd4 38. Kg1 Nxf3+ 39. Rxf3 Rxh2 40. Qf1 0-1

[Event "Paul Keres mem (34th)"]
[Site "New Westminster CAN"]
[Date "2009.05.16"]
[Round "3"]
[White "Milicevic, Dragoljub"]
[Black "Piasetski, Leon"]
[Result "1/2-1/2"]
[WhiteElo "2166"]
[BlackElo "2424"]
[PlyCount "33"]
[GameId "2160767910156693"]
[EventDate "2009.05.15"]
[EventType "swiss"]
[EventRounds "7"]
[EventCountry "CAN"]
[SourceTitle "EXT 2011"]
[Source "ChessBase"]
[SourceDate "2011.11.26"]
[SourceVersion "1"]
[SourceVersionDate "2011.11.26"]
[SourceQuality "1"]

1. Nf3 g6 2. g3 Bg7 3. d4 f5 4. Bg2 Nf6 5. O-O O-O 6. c4 c6 7. b4 Na6 8. Bb2 Ne4 9. e3 b5 10. Nbd2 bxc4 11. Nxc4 Nc7 12. Qc2 Ba6 13. Rfd1 Rc8 14. Nfe5 Qe8 15. f3 Nf6 16. Re1 Ncd5 17. e4 1/2-1/2